000 00685nam a22002417a 4500
003 UA-OsUOA
001 47616
007 ta
008 20070813b un ||||| |||| 00| 0 ukr d
100 _aФедоряченко Л. В.
090 _a811.111
_bФ33
942 _cBK
040 _aUA-OsUOA
_brus
_cUA-OsUOA
_dUA-OsUOA
245 _aАмериканський английский язык
300 _a422 с.
955 _a2
041 _arus
080 _a811.111
020 _a966-620-205-0
260 _aК.
_bЗнання
_c2003
650 7 _a8 Мовознавство. Художня література. Літературознавство
_2UDC
999 _c333719
_d333719